| 000 | 00805nam a22002057a 4500 | ||
|---|---|---|---|
| 999 |
_c7362 _d7362 |
||
| 003 | AR-CdUCM | ||
| 008 | 190320b ||||| |||| 00| 0 spa d | ||
| 040 |
_aMUNICIPALIDAD PROVINCIAL DEL CUSCO _cBIBLIOTECA MUNICIPAL DEL CUSCO |
||
| 082 |
_a624./ _bOL48 |
||
| 100 |
_aOlivera lopez, Alfonso _920742 |
||
| 245 | _aAnálisis de estructuras / | ||
| 260 |
_aMéxico : _bNorguis, _c1960. |
||
| 300 |
_a274 paginas ; _bFormulas, diagramas, cuadros, _c22 cm. |
||
| 505 | _aPórticos rectangulares articulados -- Pórticos triangulares empotrados -- Cargas uniformes y concentradas -- Método de distribución de momento -- Trabajo de deformación... | ||
| 650 |
_aIngeniería _910043 |
||
| 650 |
_aEstructura simétrica _920743 |
||
| 650 |
_aMovimiento de apoyo _920744 |
||
| 942 |
_2ddc _cLIBROS |
||
| 945 | _awnts | ||